000 00324 a2200157 4500
001 171896
020 _a
040 _cMagnum
100 _aJoly, Fanny
240 1 0 _aQuem tem medo de dragao ?
_lpor
245 1 0 _aQuem tem medo de dragao ?
362 0 _a1899
440 1 _aScipione
697 _aI/POESIA
942 _cBK
999 _c171896
_d171896